000
00313nam a2200121Ia 4500
005
20260326235441.0
008
260326s9999||||xx |||||||||||||| ||und||
100
_a
Plazas, Jorge
245
0
_a
Nuevas Formas de Urbanismo para Bogotá /
_c
Jorge Plazas
260
_b
Ponce de León
650
_a
URBANISMO
942
_c
BK
999
_c
7393
_d
7393